| 000 | 00626nam a2200181Ia 4500 | ||
|---|---|---|---|
| 008 | 151202s9999||||xx |||||||||||||| ||und|| | ||
| 082 | _bPNVM-32700 | ||
| 100 | _aवणीकर अ.स. | ||
| 245 | _aसगुणोपासना व साक्षात्कार. | ||
| 260 | _bवि.श.वैद्य. | ||
| 260 | _c1807 | ||
| 300 | _a150 | ||
| 600 | _aवणीकर अ.स. | ||
| 630 | _aसगुणोपासना व साक्षात्कार. | ||
| 700 | _aवणीकर अ.स. | ||
| 730 | _aसगुणोपासना व साक्षात्कार. | ||
| 942 | _cBOOK | ||
| 999 |
_c1298661 _d1298658 |
||